Kéregető kultúra a miénk Dobos László: "A szlovákiai magyar írásbeliség valamikor aktív közéleti tényező volt, ma nem érzem annak"

Bibliographic Details
Main Authors: Lakatos, Krisztina (ain), Dobos, László, 1930-2014 (Author, uin)
Format: Article
Language:Hungarian
Slovak
PhysicalDescription:Fotogr.
Subjects:

MARC

LEADER 00000nab a2200000 a 4500
001 vtls000775755
003 SK-MaSNL
005 20260318132720.0
008 160314c2001 xo 0 hun
015 |a SNBRB2001/11-33809 
035 |a CLN000127542 
040 |a SNKBUCL  |b slo  |c SNKBUCL  |e AACR2 
041 0 |a slo 
044 |a xo  |c SK 
080 |a 82:061.7  |2 UDC-MRF-SK2 
080 |a 894.511 (437.6):061.7  |2 UDC-MRF-SK2 
080 |a 008(=945.11)(437.6)  |2 UDC-MRF-SK2 
100 1 |a Lakatos, Krisztina  |4 ain  |9 352243 
245 1 0 |a Kéregető kultúra a miénk  |b Dobos László: "A szlovákiai magyar írásbeliség valamikor aktív közéleti tényező volt, ma nem érzem annak"  |c [beszélgetett] Lakatos Krisztina 
300 |b Fotogr. 
650 0 7 |a Literárna cena Posonium  |y 2001  |2 snkbucl  |9 866169 
650 0 7 |a kultúra maďarská  |z Slovensko  |x postavenie  |2 snkbucl  |9 1193444 
700 1 |a Dobos, László,  |d 1930-2014  |4 aut  |4 uin  |9 227924 
773 0 |t Új szó  |g Roč. 54, č. 232 (9.10.2001), s. 8 
850 |a Slovenská národná knižnica v Martine 
852 |a SNK  |b KIS3GCP 
958 |a HU 
958 |a SK 
958 |a LX 
958 |a RBX 
999 |c 2076413  |d 2078343